000 00714nam a2200289Ia 4500
005 20260324144206.0
008 008 260324s9999 xx 000 0 eng d
020 _a9781315108216
037 _aEBOOK
040 _aCRL
040 _beng
040 _cCRL
041 _2eng
041 _aeng
084 _qCRL
100 _aEric C. Hansen
_91218421
245 0 _aNineteenth-Century European Catholicism
245 3 _bAn Annotated Bibliography of Secondary Works in English
260 _bTaylor and Francis
260 _c1989
365 _a
365 _b290
856 _uhttp://www.taylorfrancis.com/books/9781315108216
942 _cEBOOK
999 _c1824724
_d1824724